Teoría y problemas de fundamentos de matemáticas superiores: algebra, trigonometría plana, geometría analítica plana y del espacio, introducción al cálculo
Furkejuvvon:
| Váldodahkki: | |
|---|---|
| Materiálatiipa: | Girji |
| Giella: | espánnjágiella |
| Almmustuhtton: |
Ciudad de México
McGraw-Hill
1970
|
| Ráidu: | Compendios Schaum
|
| Fáttát: | |
| Fáddágilkorat: |
Lasit fáddágilkoriid
Eai fáddágilkorat, Lasit vuosttaš fáddágilkora!
|
MARC
| LEADER | 00000nam a2200000 a 4500 | ||
|---|---|---|---|
| 001 | UCT1064 | ||
| 003 | CL-VaPUC | ||
| 008 | 960913e19700000MX |||||||||||||||||spa|d | ||
| 082 | 0 | 4 | |a 512 |b AYR |2 21 |
| 100 | 0 | |a Ayres, Frank |e author |9 369784 | |
| 245 | 1 | 0 | |a Teoría y problemas de fundamentos de matemáticas superiores: algebra, trigonometría plana, geometría analítica plana y del espacio, introducción al cálculo |
| 300 | |a 438 p | ||
| 942 | |c BK | ||
| 945 | |d 19960913 00:00:00 |a paguirre | ||
| 260 | |a Ciudad de México |b McGraw-Hill |c 1970 | ||
| 650 | 0 | |a Álgebra |9 259567 | |
| 650 | 0 | |a Trigonometría |9 259568 | |
| 650 | 0 | |a Geometría analítica |9 260062 | |
| 650 | 0 | |a Cálculo |9 260234 | |
| 583 | |a last modification |c 20120924 13:44:01 |k Rodrigo Vera | ||
| 490 | 0 | |a Compendios Schaum | |
| 999 | |c 251732 |d 251730 | ||
| 952 | |0 0 |1 0 |4 0 |6 512_000000000000000_AYR_1970 |7 0 |8 A |9 271093 |a BIBCUR |b BIBCUR |d 2019-11-19 |i 1746278 |l 1 |o 512 AYR 1970 |p 1746278 |r 2025-05-02 |s 2025-04-25 |w 2019-11-19 |y BK |k BCB | ||